000 00926cab a2200229 4500
001 ABS45262
008 090401t1991 xxu||||| |||| 00| 0 eng d
035 _a(Sirsi) u51911
041 _aeng
100 _aPugh, C.
245 4 _aThe globalisation of finance capital and the changing relationships between property and finance - 1
260 _c1991
350 _a0
490 _aJournal of Property Finance
_v2(2) Autumn 1991, 211-215(5)
520 _aReviews the revolution in property finance with evaluations and commentaries on the history of change, the modern ways of financing property and the consequences of redistribution of risk and opportunity. This first part concentrates on the changing relationship between property and finance.
650 _aFINANCING
650 _aPROPERTY FINANCE
650 _aRISK
690 _aPROPERTY-PROPERTY FINANCE AND INVESTMENT
942 _n0
948 _c04/03/1997
999 _c32205
_d32205